[Event "Tournament 14475 - Europe Echecs"]
[Site "Europe Echecs"]
[Date "2020.07.12"]
[Round "9"]
[Time "18:13:48"]
[PlyCount "65"]
[White "LecciaThomas"]
[Black "BaudouinSimon"]
[WhiteElo "1893"]
[BlackElo "1926"]
[Mode "WEB"]
[Result "0-1"]

1. e4 c5 2. Nf3 d6 3. d4 cxd4 4. Qxd4 Nc6 5. Qe3 g6 6. Be2 Bg7 7. O-O Nf6 8. h3
O-O 9. c4 Be6 10. Nc3 h6 11. Rb1 a5 12. Rd1 Nd7 13. b3 Nc5 14. Bb2 f5 15. exf5
Bxf5 16. Rbc1 a4 17. Nxa4 Nxa4 18. Bxg7 Kxg7 19. bxa4 Rxa4 20. Qb3 Rb4 21. Qc3+
Kh7 22. Nh4 Qb6 23. Nxf5 Rxf5 24. Bf3 Ne5 25. Be4 Rxf2 26. Qxb4 Rxg2+ 27. Kxg2
Qxb4 28. Bd5 Qb2+ 29. Kg3 h5 30. Bxb7 h4+ 31. Kxh4 Qf2+ 32. Kg5 Qf6# {LecciaThomas est échec et mat} 0-1

[Event "Tournament 14475 - Europe Echecs"]
[Site "Europe Echecs"]
[Date "2020.07.12"]
[Round "9"]
[Time "18:13:48"]
[PlyCount "134"]
[White "GuerinJuliette"]
[Black "DecurningeBric"]
[WhiteElo "1918"]
[BlackElo "1582"]
[Mode "WEB"]
[Result "1-0"]

1. e4 e6 2. d4 d5 3. Nd2 Nf6 4. e5 Nfd7 5. c3 c5 6. Bd3 Nc6 7. Ne2 cxd4 8. cxd4
f6 9. Nf4 Nxd4 10. exf6 Nxf6 11. Qa4+ Nc6 12. O-O Bd6 13. Bb5 O-O 14. Nf3 Qc7
15. Ne2 Ne4 16. Ng3 Nc5 17. Qh4 Be7 18. Bg5 Bxg5 19. Qxg5 Qf4 20. Qh5 Ne7 21.
Rfe1 Nf5 22. Nxf5 Rxf5 23. Qe8+ Rf8 24. Qe7 Ne4 25. Bd3 b6 26. Re2 Nc5 27. Bc2
Bd7 28. Rae1 Rae8 29. Qg5 Qxg5 30. Nxg5 h6 31. Nf3 Bb5 32. Re3 Rf6 33. Nd4 Bd7
34. f3 Kf7 35. b4 Nb7 36. a3 Nd6 37. Bd3 Nf5 38. Nxf5 exf5 39. Rxe8 Bxe8 40. Re5
g6 41. Rxd5 Ke7 42. Kf2 Rd6 43. Re5+ Re6 44. Rd5 Rd6 45. Rxd6 Kxd6 46. Ke3 Bc6
47. Kd4 Ba4 48. f4 Bb3 49. g3 a5 50. Bb5 axb4 51. axb4 Bd1 52. Be8 Bh5 53. Kc4
Ke7 54. Bc6 Kd6 55. Kb5 Kc7 56. Be8 Kb7 57. h3 Kc7 58. Bf7 Kb7 59. Be6 Be2+ 60.
Ka4 Kc6 61. Bf7 g5 62. fxg5 hxg5 63. Be8+ Kb7 64. Bd7 f4 65. gxf4 gxf4 66. h4 f3
67. Bg4 {DecurningeBric a perdu au temps} 1-0

[Event "Tournament 14475 - Europe Echecs"]
[Site "Europe Echecs"]
[Date "2020.07.12"]
[Round "9"]
[Time "18:13:48"]
[PlyCount "94"]
[White "DelinValere"]
[Black "TighargharElio"]
[WhiteElo "2043"]
[BlackElo "1119"]
[Mode "WEB"]
[Result "1-0"]

1. e4 e5 2. Nf3 d6 3. Bc4 Nc6 4. d4 exd4 5. Nxd4 Nxd4 6. Qxd4 Qf6 7. Qd3 Be6 8.
Bb3 c6 9. Nc3 Rd8 10. Be3 Bxb3 11. axb3 a6 12. O-O Nh6 13. Bd4 Qh4 14. g3 Qh5
15. f4 Ng4 16. Qe2 Be7 17. Bxg7 Rg8 18. Bd4 Nxh2 19. Qxh5 Nxf1 20. Rxf1 Kd7 21.
e5 dxe5 22. Bxe5 Rg6 23. Rd1+ Kc8 24. Rxd8+ Kxd8 25. Kf2 Bc5+ 26. Kf3 f6 27.
Qxh7 Rxg3+ 28. Kxg3 fxe5 29. fxe5 Be7 30. e6 b5 31. Ne4 c5 32. Nxc5 a5 33. Nd3
a4 34. Ne5 axb3 35. Nc6+ Kc7 36. Qxe7+ Kxc6 37. cxb3 b4 38. Qxb4 Kc7 39. Qc4+
Kd6 40. b4 Ke7 41. b5 Kd8 42. b6 Ke7 43. b7 Kd6 44. b8=Q+ Ke7 45. Qbc7+ Ke8 46.
Qf7+ Kd8 47. Qd7# {TighargharElio est échec et mat} 1-0

[Event "Tournament 14475 - Europe Echecs"]
[Site "Europe Echecs"]
[Date "2020.07.12"]
[Round "9"]
[Time "18:13:48"]
[PlyCount "63"]
[White "LecciaAntoine"]
[Black "FondratJohan"]
[WhiteElo "1950"]
[BlackElo "1509"]
[Mode "WEB"]
[Result "0-1"]

1. d4 d5 2. Nf3 Nf6 3. e3 g6 4. Be2 Bg7 5. b4 e6 6. O-O O-O 7. Nbd2 a6 8. Rb1 b5
9. c3 Nbd7 10. Qc2 Nb6 11. e4 c6 12. e5 Nfd7 13. Ne1 a5 14. a3 axb4 15. axb4 Nc4
16. Nxc4 dxc4 17. f4 Nb6 18. g4 Nd5 19. f5 exf5 20. gxf5 Bxf5 21. Rxf5 gxf5 22.
Qxf5 Ne7 23. Qh5 Ng6 24. Nf3 f6 25. exf6 Qxf6 26. Bd2 Nf4 27. Bxf4 Qxf4 28. d5
Ra2 29. Ra1 Rxa1+ 30. Kg2 Qe3 31. Ng5 Rf2# {LecciaAntoine est échec et mat} 0-1

[Event "Tournament 14475 - Europe Echecs"]
[Site "Europe Echecs"]
[Date "2020.07.12"]
[Round "9"]
[Time "18:13:48"]
[PlyCount "40"]
[White "GrancherEtienn"]
[Black "StrichardHadri"]
[WhiteElo "1987"]
[BlackElo "1199"]
[Mode "WEB"]
[Result "1-0"]

1. e4 c5 2. Ne2 Nc6 3. d4 cxd4 4. Nxd4 g6 5. Nc3 Bg7 6. Be3 e6 7. Ndb5 d6 8.
Nxd6+ Kf8 9. Be2 Nge7 10. O-O Qc7 11. Ncb5 Qd8 12. c3 Be5 13. Bh6+ Kg8 14. Nc4
Qxd1 15. Rfxd1 Bg7 16. Bf4 a6 17. Nb6 Ra7 18. Nxa7 Nxa7 19. Rd8+ Bf8 20. Bh6 {StrichardHadri a abandonné} 1-0

[Event "Tournament 14475 - Europe Echecs"]
[Site "Europe Echecs"]
[Date "2020.07.12"]
[Round "9"]
[Time "18:13:48"]
[PlyCount "171"]
[White "SepahpourSherv"]
[Black "SylvestreBaron"]
[WhiteElo "1398"]
[BlackElo "1728"]
[Mode "WEB"]
[Result "0-1"]

1. d4 Nf6 2. c4 g6 3. Nc3 d5 4. cxd5 Nxd5 5. e4 Nxc3 6. bxc3 Bg7 7. Nf3 c5 8.
Be3 O-O 9. Qd2 Qa5 10. Rc1 Nc6 11. d5 Nd8 12. Bh6 Bg4 13. Be2 Bxf3 14. Bxf3 e6
15. Bxg7 Kxg7 16. d6 Nc6 17. O-O Ne5 18. Rfe1 Rfd8 19. Qf4 Nd3 20. Qd2 Nxe1 21.
Rxe1 e5 22. Re3 c4 23. Qd5 Qxd5 24. exd5 f6 25. Re4 Rxd6 26. Rxc4 Rad8 27. Kf1
R8d7 28. g4 f5 29. gxf5 gxf5 30. Bg2 e4 31. Bh3 Rxd5 32. Kg2 Kf6 33. Ra4 a6 34.
c4 Rd4 35. Ra5 Rxc4 36. Rxf5+ Kg6 37. Ra5 Rd2 38. Be6 Rcc2 39. Rf5 e3 40. Ra5
Rxf2+ 41. Kg3 Rg2+ 42. Kf3 Rcf2+ 43. Kxe3 Rxh2 44. Kd4 Rd2+ 45. Kc3 Rc2+ 46. Kb3
Rb2+ 47. Kc3 Rb5 48. Ra4 Rg2 49. Rf4 Rg3+ 50. Kc2 Re5 51. Bc4 b5 52. Bd3+ Kg5
53. Rd4 h5 54. Rd6 Rc5+ 55. Kd2 Rg2+ 56. Ke3 Rxa2 57. Rg6+ Kh4 58. Kf4 Rc3 59.
Be4 Ra4 60. Rg1 Rg3 61. Rh1+ Rh3 62. Rg1 Rxe4+ 63. Kxe4 Rg3 64. Rh1+ Kg4 65. Ra1
Rb3 66. Rxa6 h4 67. Rg6+ Kh3 68. Rg5 Kh2 69. Kf4 h3 70. Kg4 b4 71. Kh4 Rd3 72.
Rb5 b3 73. Rc5 Rd2 74. Rb5 b2 75. Rb3 Rg2 76. Rxh3+ Kg1 77. Rb3 Kf1 78. Kh3 Rd2
79. Kg3 Ke1 80. Rb8 Kd1 81. Kf3 Kc1 82. Ke3 Rc2 83. Rh8 b1=Q 84. Rh1+ Kb2 85.
Rh8 Re2+ {SepahpourSherv a perdu au temps} 0-1

[Event "Tournament 14475 - Europe Echecs"]
[Site "Europe Echecs"]
[Date "2020.07.12"]
[Round "9"]
[Time "18:13:48"]
[PlyCount "104"]
[White "MorataJules"]
[Black "GavilaQuentin"]
[WhiteElo "1568"]
[BlackElo "1199"]
[Mode "WEB"]
[Result "1-0"]

1. e4 e6 2. Nf3 d5 3. e5 c5 4. b4 Nc6 5. bxc5 Bxc5 6. d4 Be7 7. Ba3 Nh6 8. Bd3
Nf5 9. c3 O-O 10. Qc2 g6 11. g4 Ng7 12. h4 h5 13. Rg1 hxg4 14. Rxg4 Nh5 15. Bxg6
Ng7 16. Bd3 f5 17. Rg1 Bd7 18. h5 Kh8 19. Qd2 f4 20. Bc2 Nxh5 21. Rh1 Qe8 22.
Nh4 Rg8 23. Bxe7 Nxe7 24. Qe2 Rg5 25. Nd2 Qg8 26. Ndf3 Rg7 27. O-O-O Be8 28.
Rdg1 Rxg1+ 29. Rxg1 Qf8 30. Qd3 Nf5 31. Nxf5 exf5 32. Qxf5 Qxf5 33. Bxf5 Ng7 34.
Bg6 Bxg6 35. Rxg6 Rc8 36. Kd2 Kh7 37. Rd6 Rc7 38. Rxd5 Nf5 39. e6 Ne7 40. Rd7
Rxd7 41. exd7 Nc6 42. Ne5 Nd8 43. Kd3 Kg7 44. Ke4 Kf6 45. Kxf4 Ne6+ 46. Ke3 b5
47. d5 Nd8 48. Kd4 Ke7 49. Kc5 a6 50. Nc6+ Nxc6 51. dxc6 Kd8 52. Kd6 {GavilaQuentin a abandonné} 1-0

[Event "Tournament 14475 - Europe Echecs"]
[Site "Europe Echecs"]
[Date "2020.07.12"]
[Round "9"]
[Time "18:13:48"]
[PlyCount "147"]
[White "ChevillonCelia"]
[Black "BachyLouis"]
[WhiteElo "1433"]
[BlackElo "1264"]
[Mode "WEB"]
[Result "0-1"]

1. e4 c5 2. Nf3 d6 3. d4 cxd4 4. Nxd4 Nf6 5. Nc3 g6 6. Be3 Bg7 7. f3 O-O 8. Bc4
Nc6 9. Bb3 Bd7 10. Qd2 Qa5 11. O-O Rfc8 12. Rad1 Ne5 13. Bh6 Bh8 14. Bf4 Nc4 15.
Bxc4 Rxc4 16. a3 Qc7 17. Rf2 e5 18. Ndb5 Bxb5 19. Nxb5 Qb6 20. Nxd6 Rd4 21. Qe2
Qxd6 22. Rxd4 Qxd4 23. Be3 Qxb2 24. a4 Qa1+ 25. Rf1 Qxa4 26. Rb1 b6 27. Qd3 Qd7
28. Qc3 Rc8 29. Qxe5 Ng4 30. Qf4 Nxe3 31. Kh1 Nxc2 32. e5 Qd4 33. Qg5 Qxe5 34.
Qd2 Re8 35. h3 Qe2 36. Qd7 Ne1 37. Qg4 Nxg2 38. Qxg2 Qxg2+ 39. Kxg2 Ra8 40. Kg3
Bd4 41. Kf4 Bc5 42. Ke4 Kg7 43. f4 a5 44. h4 h5 45. f5 a4 46. Ke5 a3 47. f6+ Kg8
48. Ra1 a2 49. Kd5 Bb4 50. Kc4 Bd6 51. Kb3 Be5 52. Rxa2 Rxa2 53. Kxa2 Bxf6 54.
Kb3 Bxh4 55. Kc2 Kg7 56. Kd3 Kf6 57. Ke4 Ke6 58. Kf4 g5+ 59. Kf3 b5 60. Ke3 b4
61. Kd3 Kd5 62. Kd2 f5 63. Ke2 g4 64. Kd2 Bf6 65. Ke2 h4 66. Kd2 Kd4 67. Ke2 h3
68. Kd2 Bg5+ 69. Ke2 f4 70. Kd2 b3 71. Kc1 Kc3 72. Kb1 h2 73. Ka1 h1=Q# {ChevillonCelia est échec et mat} 0-1

[Event "Tournament 14475 - Europe Echecs"]
[Site "Europe Echecs"]
[Date "2020.07.12"]
[Round "9"]
[Time "18:13:48"]
[PlyCount "145"]
[White "FavierSagnesJu"]
[Black "ChevillonManon"]
[WhiteElo "1178"]
[BlackElo "1356"]
[Mode "WEB"]
[Result "0-1"]

1. c4 e5 2. g3 Nf6 3. Bg2 d5 4. cxd5 Nxd5 5. Nc3 Be6 6. Nf3 Nc6 7. O-O f6 8. d3
Bc5 9. Nxd5 Bxd5 10. a3 Bb6 11. Bd2 Qd7 12. b4 O-O-O 13. a4 a6 14. a5 Bd4 15.
Rb1 Ba2 16. Nxd4 Nxd4 17. Rb2 Be6 18. e3 Nb5 19. Qf3 Bd5 20. Qxd5 Qxd5 21. Bxd5
Rxd5 22. Rc1 Rxd3 23. Rbc2 Rhd8 24. Be1 Rd1 25. Kg2 Rxc1 26. Rxc1 Rd6 27. f4
exf4 28. exf4 Re6 29. Kh3 Nd4 30. Bf2 Rd6 31. Rd1 Nc6 32. Rxd6 cxd6 33. Kg4 Nxb4
34. Kf5 Kd7 35. h4 Nc6 36. Bb6 d5 37. h5 d4 38. Ke4 Ke6 39. Bxd4 Nxd4 40. Kxd4
Kd6 41. g4 g6 42. hxg6 hxg6 43. f5 g5 44. Ke4 Kc5 45. Ke3 Kb5 46. Kd4 Kxa5 47.
Kd5 b5 48. Ke6 b4 49. Kxf6 b3 50. Kxg5 b2 51. f6 b1=Q 52. f7 Qb8 53. Kg6 Qf8 54.
Kf6 Kb4 55. g5 a5 56. g6 a4 57. g7 Qd6+ 58. Kg5 Qe7+ 59. Kh6 Qxf7 60. Kh7 Qxg7+
61. Kxg7 a3 62. Kf6 a2 63. Kf5 a1=Q 64. Kg4 Qf1 65. Kg3 Kc4 66. Kg4 Kd4 67. Kg5
Ke5 68. Kg6 Qf4 69. Kg7 Qf5 70. Kh8 Qg5 71. Kh7 Kf6 72. Kh8 Qg7# {FavierSagnesJu est échec et mat} 0-1

[Event "Tournament 14475 - Europe Echecs"]
[Site "Europe Echecs"]
[Date "2020.07.12"]
[Round "9"]
[Time "18:13:48"]
[PlyCount "49"]
[White "GerardKelian"]
[Black "BOUMRARAyrad"]
[WhiteElo "1056"]
[BlackElo "1431"]
[Mode "WEB"]
[Result "0-1"]

1. d4 Nf6 2. c4 e6 3. Nc3 d5 4. Nf3 Be7 5. e3 O-O 6. Bd3 c5 7. h3 b6 8. e4 dxe4
9. Nxe4 Bb7 10. Nxf6+ Bxf6 11. h4 cxd4 12. Bg5 h6 13. Bxf6 Qxf6 14. Nxd4 Rd8 15.
Nf3 Nc6 16. O-O Nb4 17. Qe2 Nxd3 18. Rfd1 Bxf3 19. gxf3 Nf4 20. Rxd8+ Rxd8 21.
Qe4 Qxh4 22. Rc1 Qg5+ 23. Kf1 Qg2+ 24. Ke1 Qg1# {GerardKelian est échec et mat} 0-1

[Event "Tournament 14475 - Europe Echecs"]
[Site "Europe Echecs"]
[Date "2020.07.12"]
[Round "9"]
[Time "18:13:48"]
[PlyCount "29"]
[White "HeilerLucas"]
[Black "DhenninTanguy"]
[WhiteElo "1463"]
[BlackElo "1160"]
[Mode "WEB"]
[Result "0-1"]

1. d4 d5 2. c4 c6 3. Nc3 e6 4. Nf3 f5 5. cxd5 cxd5 6. Bf4 Nf6 7. e3 Bd6 8. Bxd6
Qxd6 9. Bd3 Nc6 10. O-O O-O 11. Rc1 Bd7 12. Nb5 Qb8 13. Nd2 Ng4 14. h3 Qh2# {HeilerLucas est échec et mat} 0-1